Into the limelight (Record no. 73555)

MARC details
000 -LEADER
fixed length control field 00690cam a2200193 4500
001 - CONTROL NUMBER
control field ABS67038
008 - FIXED-LENGTH DATA ELEMENTS--GENERAL INFORMATION
fixed length control field 031003n2003 000 0 eng u
035 ## - SYSTEM CONTROL NUMBER
System control number (Sirsi) u123839
100 ## - MAIN ENTRY--PERSONAL NAME
Personal name Pritchett, I.
245 ## - TITLE STATEMENT
Title Into the limelight
260 ## - PUBLICATION, DISTRIBUTION, ETC.
Date of publication, distribution, etc. 2003
490 ## - SERIES STATEMENT
Series statement Architects' Journal
Volume/sequential designation 218(5) 31 July 2003, 34-35(2)
520 ## - SUMMARY, ETC.
Summary, etc. Looks at the resurgence of lime as a material which can be used on more flexible buildings and for energy efficiency. Explains some of its qualities and advantages over the use of ordinary, more traditional mortar.
590 ## - LOCAL NOTE (RLIN)
Local note ABS
650 ## - SUBJECT ADDED ENTRY--TOPICAL TERM
Topical term or geographic name entry element LIME MORTARS
650 ## - SUBJECT ADDED ENTRY--TOPICAL TERM
Topical term or geographic name entry element MORTARS
690 ## - LOCAL SUBJECT ADDED ENTRY--TOPICAL TERM (OCLC, RLIN)
Topical term or geographic name as entry element BUILT ENVIRONMENT-BUILDING MATERIALS
942 ## - ADDED ENTRY ELEMENTS (KOHA)
Suppress in OPAC 0
Holdings
Withdrawn status Lost status Source of classification or shelving scheme Damaged status Not for loan Home library Current library Shelving location Date acquired Total Checkouts Full call number Barcode Date last seen Copy number Price effective from Koha item type
    Dewey Decimal Classification     London London Journal article 03/10/2003   ABS67038 123839-1001 06/08/2019 1 06/08/2019 Journal article